[Event "Norte Nordeste-ch Amateur U2000"]
[Site "Fortaleza"]
[Date "2019.04.27"]
[Round "4"]
[White "De Sousa Filho, Aloisio Lopes"]
[Black "Ferreira Filho, Joao Bosco Filgue"]
[Result "1-0"]
[WhiteElo "1938"]
[BlackElo "1855"]
[PlyCount "97"]
[EventDate "2019.04.26"]
[EventType "swiss"]
[EventRounds "6"]
[EventCountry "BRA"]
[SourceTitle "EXT 2020"]
[Source "ChessBase"]
[SourceDate "2019.10.17"]
[SourceVersion "1"]
[SourceVersionDate "2019.10.17"]
[SourceQuality "1"]

1. e4 e6 2. f4 c5 3. Nf3 Nc6 4. e5 d5 5. d4 cxd4 6. Nxd4 a6 7. c3 Bd7 8. Be3 Nge7 9. g4 Nxd4 10. Bxd4 Nc6 11. Be3 Be7 12. Qf3 g5 13. Bd3 gxf4 14. Bxf4 Bh4+ 15. Kd1 d4 16. Rf1 Qe7 17. a3 0-0-0 18. c4 Na5 19. Nd2 Ba4+ 20. Ke2 Bc6 21. Ne4 Nb3 22. Rab1 Nc5 23. b4 Nxe4 24. Bxe4 d3+ 25. Kd2 Rd4 26. Bxc6 Rxf4 27. Bxb7+ Kb8 28. Qc6 Rxf1 29. Rxf1 Bg5+ 30. Kc3 Qxb7 31. Qxb7+ Kxb7 32. Rxf7+ Kc6 33. Kxd3 Rd8+ 34. Kc3 h6 35. a4 Bd2+ 36. Kb3 Rb8 37. b5+ axb5 38. axb5+ Kc5 39. Rc7+ Kd4 40. Rd7+ Ke3 41. Rd6 Re8 42. b6 Ba5 43. Ka4 Bc3 44. c5 Bxe5 45. Rd7 Bxh2 46. c6 Kf3 47. c7 Kxg4 48. Rd8 Bxc7 49. bxc7 1-0

[Event "Norte Nordeste-ch Amateur U2000"]
[Site "Fortaleza"]
[Date "2019.04.26"]
[Round "1"]
[White "Monteiro, Jose Q Montenegro"]
[Black "De Sousa Filho, Aloisio Lopes"]
[Result "1-0"]
[WhiteElo "1816"]
[BlackElo "1938"]
[PlyCount "72"]
[EventDate "2019.04.26"]
[EventType "swiss"]
[EventRounds "6"]
[EventCountry "BRA"]
[SourceTitle "EXT 2020"]
[Source "ChessBase"]
[SourceDate "2019.10.17"]
[SourceVersion "1"]
[SourceVersionDate "2019.10.17"]
[SourceQuality "1"]

1. c4 c5 2. Nc3 Nf6 3. Nf3 Nc6 4. g3 e6 5. Bg2 d5 6. cxd5 exd5 7. d4 c4 8. 0-0 h6 9. Ne5 Be6 10. Nxc4 dxc4 11. d5 Nxd5 12. Nxd5 Rc8 13. Nf4 Bd7 14. Qd5 g5 15. Nh5 Be6 16. Qb5 Qc7 17. Nf6+ Ke7 18. Nd5+ Bxd5 19. Qxd5 Nd8 20. Bd2 Ke8 21. Bc3 Rg8 22. Qe4+ Qe7 23. Qh7 Rg6 24. Bh3 g4 25. Bg2 Ne6 26. Qh8 Ng5 27. Qd4 a6 28. Rad1 Bg7 29. Qd2 Bxc3 30. bxc3 Re6 31. Rfe1 Rc5 32. Qd4 Ree5 33. Qxg4 b5 34. f4 Qa7 35. Kh1 Ne4 36. Qg8+ Ke7 1-0

[Event "Fortaleza Schoonenborch U2000"]
[Site "Fortaleza"]
[Date "2016.02.14"]
[Round "5"]
[White "Carneiro, Jose Gildivan"]
[Black "De Sousa Filho, Aloisio Lopes"]
[Result "0-1"]
[WhiteElo "1596"]
[BlackElo "1960"]
[PlyCount "78"]
[EventDate "2016.02.11"]
[EventType "swiss"]
[EventRounds "6"]
[EventCountry "BRA"]
[SourceTitle "CBM 170 Extra"]
[Source "ChessBase"]
[SourceDate "2016.02.25"]
[SourceVersion "1"]
[SourceVersionDate "2016.02.25"]
[SourceQuality "1"]

1. Nf3 d5 2. g3 Nf6 3. Bg2 Bf5 4. 0-0 e6 5. c4 c6 6. b3 Bd6 7. Bb2 Nbd7 8. d4 Qe7 9. Nc3 h5 10. Re1 Ne4 11. Nd2 Ndf6 12. f3 Nxc3 13. Bxc3 Bg6 14. e4 dxe4 15. Nxe4 Nxe4 16. fxe4 e5 17. d5 0-0-0 18. Qf3 cxd5 19. cxd5 Kb8 20. Bh3 h4 21. g4 Rc8 22. Rac1 Ba3 23. Rc2 Rc7 24. Qd3 Rhc8 25. Kh1 Bb4 26. Rec1 Rxc3 27. Rxc3 Rxc3 28. Rxc3 Bxc3 29. Qxc3 Bxe4+ 30. Bg2 Qf6 31. Kg1 Bxg2 32. Kxg2 Qd6 33. Qc4 g6 34. Kh3 f5 35. gxf5 gxf5 36. Kxh4 e4 37. Kg5 Qxh2 38. Kxf5 e3 39. Qe4 Qh7+ 0-1

[Event "Fortaleza Schoonenborch U2000"]
[Site "Fortaleza"]
[Date "2016.02.13"]
[Round "4"]
[White "De Sousa Filho, Aloisio Lopes"]
[Black "Carmo e Silva, Jammes Willian"]
[Result "1-0"]
[WhiteElo "1960"]
[BlackElo "1823"]
[PlyCount "75"]
[EventDate "2016.02.11"]
[EventType "swiss"]
[EventRounds "6"]
[EventCountry "BRA"]
[SourceTitle "CBM 170 Extra"]
[Source "ChessBase"]
[SourceDate "2016.02.25"]
[SourceVersion "1"]
[SourceVersionDate "2016.02.25"]
[SourceQuality "1"]

1. d4 d5 2. Nf3 Nf6 3. Bf4 e6 4. Nbd2 Nbd7 5. e3 Be7 6. Bd3 b6 7. Ne5 Nxe5 8. dxe5 Nd7 9. Nf3 Bb7 10. c3 c5 11. Qe2 c4 12. Bc2 Qc7 13. h3 b5 14. 0-0 0-0 15. Rfd1 Rfd8 16. Rac1 a5 17. Bb1 a4 18. a3 Nc5 19. Nd4 Qb6 20. Qh5 g6 21. Qg4 f5 22. exf6 Bxf6 23. Qg3 Rac8 24. h4 Ne4 25. Bxe4 dxe4 26. h5 Kg7 27. Be5 Rf8 28. Qg5 Rc5 29. Bxf6+ Rxf6 30. h6+ Kf7 31. Qg3 Ba8 32. Ne2 Rcf5 33. Rd7+ Kg8 34. Rcd1 Bd5 35. Nf4 Rxf4 36. exf4 Qc6 37. Rg7+ Kh8 38. Qg5 1-0

[Event "Fortaleza Cearense Cup"]
[Site "Fortaleza"]
[Date "2015.12.12"]
[Round "4"]
[White "Lopes, Raimundo De Lima"]
[Black "De Sousa Filho, Aloisio Lopes"]
[Result "0-1"]
[WhiteElo "1836"]
[BlackElo "1976"]
[PlyCount "104"]
[EventDate "2015.12.10"]
[EventType "swiss"]
[EventRounds "6"]
[EventCountry "BRA"]
[SourceTitle "EXT 2017"]
[Source "ChessBase"]
[SourceDate "2016.10.25"]
[SourceVersion "1"]
[SourceVersionDate "2016.10.25"]
[SourceQuality "1"]

1. d4 Nf6 2. c4 d6 3. Nc3 Bf5 4. f3 Nbd7 5. e4 Bg6 6. Be3 e5 7. d5 Be7 8. g4 Ng8 9. Qd2 h6 10. Nge2 Bg5 11. Ng3 Bxe3 12. Qxe3 Ne7 13. Nb5 a6 14. Nc3 c6 15. Be2 f6 16. Rd1 c5 17. Nf5 Nxf5 18. exf5 Bf7 19. h4 Qb6 20. Qd2 0-0-0 21. Ne4 g6 22. fxg6 Bxg6 23. a3 f5 24. Nc3 fxg4 25. fxg4 Rdf8 26. Rf1 Qd8 27. g5 Rxf1+ 28. Bxf1 Qf8 29. Bh3 Bh5 30. Rc1 Qf3 31. Bxd7+ Kxd7 32. Qf2 hxg5 33. Qxf3 Bxf3 34. Kf2 g4 35. Kg3 Ke7 36. Rf1 Rf8 37. Rf2 Rf4 38. b3 Kf6 39. Na4 Kf5 40. Nb6 Ke4 41. Nc8 Rf6 42. h5 Kd3 43. Kh4 Ke3 44. Rh2 Kf4 45. Ne7 g3 46. Rh3 g2 47. Rg3 Rh6 48. Ng6+ Ke3 49. Kh3 Rxh5+ 50. Nh4 Rxh4+ 51. Kxh4 Kf2 52. b4 b6 0-1

[Event "Fortaleza Costa Memorial"]
[Site "Fortaleza"]
[Date "2015.11.28"]
[Round "4"]
[White "De Sousa Filho, Aloisio Lopes"]
[Black "Vacis, Laura Nunes"]
[Result "1-0"]
[WhiteElo "1976"]
[BlackElo "1420"]
[PlyCount "131"]
[EventDate "2015.11.26"]
[EventType "swiss"]
[EventRounds "5"]
[EventCountry "BRA"]
[SourceTitle "CBM 169 Extra"]
[Source "ChessBase"]
[SourceDate "2015.12.18"]
[SourceVersion "1"]
[SourceVersionDate "2015.12.18"]
[SourceQuality "1"]

1. d4 Nf6 2. Nf3 g6 3. Bf4 Bg7 4. Nbd2 d5 5. h3 Nc6 6. e3 Bf5 7. c3 0-0 8. g4 Be4 9. Nxe4 Nxe4 10. Bd3 Re8 11. Bxe4 dxe4 12. Nd2 e5 13. Bg3 exd4 14. cxd4 Nb4 15. 0-0 Nd5 16. Qb3 b6 17. Rac1 Re6 18. Rc4 Rc8 19. Rfc1 Qe7 20. a3 c6 21. Nb1 Bf6 22. Nc3 Rd8 23. Nxd5 cxd5 24. Rc7 Rd7 25. Rxd7 Qxd7 26. Rc7 Qd8 27. Qc3 Kg7 28. Rxa7 Bh4 29. Be5+ Bf6 30. Bh2 Bh4 31. Rc7 Qf6 32. Qe1 Qf3 33. Qf1 h5 34. gxh5 gxh5 35. Be5+ Kh7 36. Rc8 Rg6+ 37. Kh2 Bg3+ 38. fxg3 Rxg3 39. Rh8+ Kg6 40. Rg8+ Kf5 41. Qxf3+ Rxf3 42. Bf4 Rf2+ 43. Rg2 Rf3 44. Rg5+ Ke6 45. Kg2 Rxf4 46. exf4 Kd6 47. Rxh5 Kc6 48. Re5 Kb5 49. b3 Kc6 50. h4 Kd6 51. h5 f6 52. h6 fxe5 53. fxe5+ Ke6 54. h7 Kf5 55. h8Q Kf4 56. Qh3 b5 57. e6 Kg5 58. Qg3+ Kf6 59. Qe5+ Ke7 60. b4 e3 61. Qxe3 Ke8 62. e7 Kd7 63. e8Q+ Kc7 64. Q3e7+ Kb6 65. Qb8+ Kc6 66. Qed6# 1-0

[Event "Fortaleza Costa Memorial"]
[Site "Fortaleza"]
[Date "2015.11.28"]
[Round "3"]
[White "Gomes Sergio, Augusto Simonetti"]
[Black "De Sousa Filho, Aloisio Lopes"]
[Result "0-1"]
[WhiteElo "1847"]
[BlackElo "1976"]
[PlyCount "68"]
[EventDate "2015.11.26"]
[EventType "swiss"]
[EventRounds "5"]
[EventCountry "BRA"]
[SourceTitle "CBM 169 Extra"]
[Source "ChessBase"]
[SourceDate "2015.12.18"]
[SourceVersion "1"]
[SourceVersionDate "2015.12.18"]
[SourceQuality "1"]

1. e4 d5 2. exd5 Qxd5 3. Nc3 Qa5 4. d4 c6 5. Nf3 Bg4 6. Be2 e6 7. 0-0 Nf6 8. Bd2 Qc7 9. Ne5 Bf5 10. Bd3 Bg6 11. Bxg6 hxg6 12. Nf3 Nbd7 13. Ne2 0-0-0 14. c4 Bd6 15. g3 c5 16. Qa4 Kb8 17. b4 Nb6 18. Qb3 Ne4 19. Be1 Be7 20. bxc5 Nd7 21. a4 Rh5 22. a5 a6 23. Rb1 Rdh8 24. Kg2 g5 25. Rh1 f5 26. Nd2 Nef6 27. Qa4 Ng4 28. c6 Rxh2+ 29. Rxh2 Rxh2+ 30. Kg1 Qd8 31. Rxb7+ Ka8 32. Rxd7 Qh8 33. c7 Rg2+ 34. Kf1 Ne3+ 0-1

[Event "Fortaleza Costa Memorial"]
[Site "Fortaleza"]
[Date "2015.11.26"]
[Round "1"]
[White "Nogueira, Jorge da Silva"]
[Black "De Sousa Filho, Aloisio Lopes"]
[Result "1-0"]
[WhiteElo "1626"]
[BlackElo "1976"]
[PlyCount "73"]
[EventDate "2015.11.26"]
[EventType "swiss"]
[EventRounds "5"]
[EventCountry "BRA"]
[SourceTitle "CBM 169 Extra"]
[Source "ChessBase"]
[SourceDate "2015.12.18"]
[SourceVersion "1"]
[SourceVersionDate "2015.12.18"]
[SourceQuality "1"]

1. d4 Nf6 2. Nf3 g6 3. Nbd2 Bg7 4. e4 d6 5. Bd3 c6 6. 0-0 Bg4 7. c3 Nbd7 8. h3 Bxf3 9. Nxf3 Qc7 10. Be3 e5 11. Rc1 h6 12. Re1 Nh5 13. g3 0-0 14. Kg2 c5 15. Qe2 Nhf6 16. Bd2 a6 17. b4 Rfe8 18. Qf1 Qb6 19. dxc5 dxc5 20. Be3 Qc7 21. Nd2 b5 22. bxc5 Nxc5 23. Bb1 Rad8 24. f3 Na4 25. c4 b4 26. Qf2 Rd7 27. Nb3 Bf8 28. c5 Nc3 29. a3 Nxb1 30. Rxb1 bxa3 31. Qa2 Rd3 32. Qxa3 Qb7 33. Qa4 Qa7 34. Qc4 Rdd8 35. Na5 Qc7 36. Rb7 Qxa5 37. Qxf7+ 1-0

[Event "Fortaleza Inelsa op"]
[Site "Fortaleza"]
[Date "2015.09.27"]
[Round "2"]
[White "Santos, Antonio Inacio Dos"]
[Black "De Sousa Filho, Aloisio Lopes"]
[Result "1/2-1/2"]
[WhiteElo "2097"]
[BlackElo "1982"]
[PlyCount "204"]
[EventDate "2015.09.26"]
[EventType "swiss"]
[EventRounds "7"]
[EventCountry "BRA"]
[SourceTitle "EXT 2017"]
[Source "ChessBase"]
[SourceDate "2016.10.25"]
[SourceVersion "1"]
[SourceVersionDate "2016.10.25"]
[SourceQuality "1"]

1. d4 d5 2. c4 c6 3. Nc3 Nf6 4. Nf3 h6 5. e3 e6 6. Bd3 Bd6 7. 0-0 Nbd7 8. e4 dxe4 9. Nxe4 Nxe4 10. Bxe4 Nf6 11. Bc2 0-0 12. b3 Qc7 13. Bb2 Rd8 14. Qe2 Be7 15. Rfe1 b6 16. Rad1 Bb7 17. Bc3 Re8 18. Qd3 Rad8 19. h3 a5 20. Re3 Ba6 21. d5 Rxd5 22. Qe2 Rxd1+ 23. Qxd1 Rd8 24. Qa1 c5 25. Be5 Qc8 26. Bc3 Bb7 27. Ne5 Ba8 28. Nf3 Ne8 29. Qe1 Bf6 30. Ne5 Nd6 31. Ng4 Bxc3 32. Qxc3 Nf5 33. Bxf5 exf5 34. Nxh6+ Kh7 35. Rg3 f6 36. Nf7 Rd1+ 37. Kh2 Qe6 38. Ng5+ fxg5 39. Rxg5 Rd4 40. Qg3 Rd7 41. Rh5+ Kg8 42. Qb8+ Kf7 43. Qxa8 Qe5+ 44. g3 Kg6 45. Rh4 Rd2 46. Rf4 Rxa2 47. Qc6+ Qf6 48. Qe8+ Qf7 49. Qxf7+ Kxf7 50. Rxf5+ Kg6 51. Rf3 a4 52. bxa4 Rxa4 53. Rf4 Rb4 54. Kg2 b5 55. cxb5 Rxb5 56. Kf3 Rb3+ 57. Ke2 Rb4 58. Rf3 c4 59. Rf4 Rb2+ 60. Ke3 Rc2 61. h4 Kh6 62. Kd4 Rc1 63. Rf3 Kh5 64. Rf5+ Kg6 65. g4 Kh6 66. h5 c3 67. Kd3 c2 68. f3 Rd1+ 69. Kxc2 Rd7 70. Kc3 Rd6 71. Kc4 Rd7 72. Kc5 Rd3 73. Kc4 Rd7 74. Rd5 Rf7 75. Rd3 Re7 76. f4 Re1 77. Rd6+ Kh7 78. Kd4 Re2 79. Kd5 Re8 80. Re6 Ra8 81. Ke4 Rf8 82. g5 Rb8 83. h6 Rb4+ 84. Kf5 g6+ 85. Kg4 Rb7 86. Rf6 Rc7 87. Kf3 Re7 88. f5 gxf5 89. Kf4 Ra7 90. Kxf5 Ra5+ 91. Kg4 Ra7 92. Kh5 Ra5 93. Rf7+ Kg8 94. Rc7 Rb5 95. Re7 Rc5 96. Kg6 Rc6+ 97. Kf5 Rc5+ 98. Kf6 Rc6+ 99. Re6 Rc2 100. Kg6 Rc8 101. h7+ Kh8 102. Kh6 Rc6 1/2-1/2

[Event "Fortaleza Inelsa op"]
[Site "Fortaleza"]
[Date "2015.09.26"]
[Round "1"]
[White "De Sousa Filho, Aloisio Lopes"]
[Black "Pinheiro, Iung Alicio"]
[Result "0-1"]
[WhiteElo "1982"]
[BlackElo "2328"]
[PlyCount "28"]
[EventDate "2015.09.26"]
[EventType "swiss"]
[EventRounds "7"]
[EventCountry "BRA"]
[SourceTitle "EXT 2017"]
[Source "ChessBase"]
[SourceDate "2016.10.25"]
[SourceVersion "1"]
[SourceVersionDate "2016.10.25"]
[SourceQuality "1"]

1. c4 g6 2. Nc3 Bg7 3. e4 c5 4. f4 Nc6 5. Nf3 d6 6. d3 e6 7. Be3 Nd4 8. Be2 Ne7 9. Qd2 b6 10. 0-0 Bb7 11. Bd1 0-0 12. Qf2 Nxf3+ 13. Bxf3 d5 14. Bd2 Bd4 0-1

[Event "Fortaleza zt CE"]
[Site "Fortaleza"]
[Date "2015.05.22"]
[Round "1"]
[White "De Sousa Filho, Aloisio Lopes"]
[Black "Nogueira, Jorge da Silva"]
[Result "1-0"]
[WhiteElo "1971"]
[BlackElo "1638"]
[PlyCount "77"]
[EventDate "2015.05.22"]
[EventType "swiss"]
[EventRounds "5"]
[EventCountry "BRA"]
[SourceTitle "CBM 166 Extra"]
[Source "ChessBase"]
[SourceDate "2015.06.18"]
[SourceVersion "1"]
[SourceVersionDate "2015.06.18"]
[SourceQuality "1"]

1. e4 e6 2. d4 d5 3. e5 c5 4. c3 Nc6 5. f4 cxd4 6. cxd4 Bd7 7. Nf3 Nh6 8. Bd3 Nb4 9. Nc3 Nxd3+ 10. Qxd3 Bb4 11. Bd2 a6 12. a3 Bxc3 13. Bxc3 Bb5 14. Qd2 Nf5 15. Qf2 Qc7 16. g4 Ne7 17. Bb4 Qc4 18. Qd2 Ng6 19. Kf2 Qd3 20. Qxd3 Bxd3 21. Rhc1 Kd7 22. Rc3 Bb5 23. f5 Nf4 24. Ke3 Ng2+ 25. Kd2 Nf4 26. Rac1 Rac8 27. Rxc8 Rxc8 28. Rxc8 Kxc8 29. Ng5 exf5 30. gxf5 Nd3 31. Bf8 g6 32. fxg6 hxg6 33. a4 Bxa4 34. Kxd3 Be8 35. b4 b6 36. Nh7 Bd7 37. Ke3 Kd8 38. Kf4 Ke8 39. Nf6+ 1-0

[Event "Fortaleza Pompeu de Sousa Memoria"]
[Site "Fortaleza"]
[Date "2015.03.29"]
[Round "5.5"]
[White "De Sousa Filho, Aloisio Lopes"]
[Black "Lopes, Raimundo De Lima"]
[Result "1-0"]
[WhiteElo "1968"]
[BlackElo "1775"]
[PlyCount "65"]
[EventDate "2015.03.27"]
[EventType "swiss"]
[EventRounds "5"]
[EventCountry "BRA"]
[SourceTitle "EXT 2022"]
[Source "ChessBase"]
[SourceDate "2021.10.06"]
[SourceVersion "1"]
[SourceVersionDate "2021.10.06"]
[SourceQuality "1"]

1. c4 Nf6 2. Nc3 g6 3. d3 Bg7 4. e4 d6 5. Bg5 Nc6 6. Qd2 h6 7. Bh4 a6 8. f4 e5 9. fxe5 Nxe5 10. 0-0-0 c6 11. d4 Ned7 12. e5 Ne4 13. Nxe4 Qxh4 14. Nxd6+ Kf8 15. Nf3 Qe7 16. c5 h5 17. h4 b5 18. Bd3 Kg8 19. Ng5 Bh6 20. Rhf1 Rh7 21. Kb1 Bxg5 22. hxg5 Nf8 23. Be4 Bd7 24. Rf6 Ne6 25. Rdf1 Rf8 26. Qe3 a5 27. Bc2 a4 28. Ne4 Rg7 29. R6f2 Nc7 30. Nf6+ Kh8 31. Be4 Ne6 32. g4 Nxg5 33. Qxg5 1-0

[Event "Fortaleza Pompeu de Sousa Memoria"]
[Site "Fortaleza"]
[Date "2015.03.28"]
[Round "2.2"]
[White "Ribeiro, Orlando Alves"]
[Black "De Sousa Filho, Aloisio Lopes"]
[Result "1/2-1/2"]
[WhiteElo "1821"]
[BlackElo "1968"]
[PlyCount "125"]
[EventDate "2015.03.27"]
[EventType "swiss"]
[EventRounds "5"]
[EventCountry "BRA"]
[SourceTitle "EXT 2022"]
[Source "ChessBase"]
[SourceDate "2021.10.06"]
[SourceVersion "1"]
[SourceVersionDate "2021.10.06"]
[SourceQuality "1"]

1. d4 Nf6 2. Nf3 d5 3. c4 c6 4. Nc3 e6 5. e3 Bd6 6. Qc2 Qe7 7. Be2 Nbd7 8. a3 a5 9. Bd2 0-0 10. 0-0 e5 11. dxe5 Nxe5 12. cxd5 cxd5 13. Nd4 Bb8 14. Rfd1 Neg4 15. Nf3 Be6 16. h3 Nh6 17. Ng5 Bf5 18. Bd3 Bg6 19. Bxg6 hxg6 20. Be1 Nf5 21. Nf3 Qc7 22. Qb3 d4 23. Nb5 Qe7 24. Nbxd4 Nd6 25. Rac1 Nfe4 26. Nb5 Nf5 27. Qd5 Nf6 28. Qc5 Qxc5 29. Rxc5 Ne7 30. Rdc1 b6 31. R5c2 Rd8 32. Nfd4 Be5 33. b4 Bxd4 34. Nxd4 axb4 35. Bxb4 Ned5 36. Nc6 Nxb4 37. axb4 Rd3 38. Rc3 Rxc3 39. Rxc3 Ra1+ 40. Kh2 Ra2 41. f3 Rb2 42. e4 Nh5 43. Ne5 Kf8 44. Nd7+ Ke7 45. Nxb6 Nf4 46. Nd5+ Nxd5 47. exd5 Rxb4 48. Rc7+ Kf6 49. Kg3 g5 50. Kf2 Rf4 51. d6 Ke6 52. d7 Rd4 53. Ke3 Rxd7 54. Rc5 f6 55. Rc4 Ra7 56. h4 Ra3+ 57. Kf2 gxh4 58. Rxh4 Kf5 59. Re4 Kg5 60. Kg3 f5 61. Rc4 Ra2 62. Rc7 g6 63. Rc4 1/2-1/2

[Event "Fortaleza Pompeu de Sousa Memoria"]
[Site "Fortaleza"]
[Date "2015.03.27"]
[Round "1.2"]
[White "De Sousa Filho, Aloisio Lopes"]
[Black "Nunes, Moezio Correia"]
[Result "1-0"]
[WhiteElo "1968"]
[BlackElo "1739"]
[PlyCount "91"]
[EventDate "2015.03.27"]
[EventType "swiss"]
[EventRounds "5"]
[EventCountry "BRA"]
[SourceTitle "EXT 2022"]
[Source "ChessBase"]
[SourceDate "2021.10.06"]
[SourceVersion "1"]
[SourceVersionDate "2021.10.06"]
[SourceQuality "1"]

1. d4 Nf6 2. Nf3 d6 3. Nbd2 g6 4. e4 Bg7 5. Bc4 c6 6. Qe2 0-0 7. e5 dxe5 8. dxe5 Nd5 9. 0-0 Nf4 10. Qe4 Nd5 11. Bb3 Bf5 12. Qe1 Nb4 13. Ne4 N8a6 14. Bf4 Nd5 15. Rd1 Qb6 16. Bd2 Qc7 17. Ng3 Bg4 18. c4 Bxf3 19. gxf3 Nb6 20. e6 Nc5 21. exf7+ Rxf7 22. Qe3 Nxb3 23. Qxb3 Raf8 24. Be3 Rxf3 25. a4 c5 26. Rd3 Qc6 27. a5 Nd7 28. Qb5 Ne5 29. Rb3 Rxg3+ 30. fxg3 Nf3+ 31. Kh1 Nd4+ 32. Qxc6 Nxc6 33. Rxf8+ Kxf8 34. Rxb7 Nxa5 35. Rb8+ Kf7 36. b3 Nc6 37. Rb5 Bd4 38. Bxd4 cxd4 39. Kg2 Kf6 40. Kf3 e5 41. Ke4 h5 42. Rc5 Nb4 43. Rxe5 a6 44. Ra5 d3 45. Ke3 g5 46. Ra4 1-0

[Event "Fortaleza Saboya op"]
[Site "Fortaleza"]
[Date "2014.05.01"]
[Round "3"]
[White "De Sousa Filho, Aloisio Lopes"]
[Black "Santos, Antonio Inacio Dos"]
[Result "1/2-1/2"]
[WhiteElo "1955"]
[BlackElo "2081"]
[PlyCount "75"]
[EventDate "2014.04.27"]
[EventType "swiss"]
[EventRounds "7"]
[EventCountry "BRA"]
[SourceTitle "CBM 160 Extra"]
[Source "ChessBase"]
[SourceDate "2014.07.01"]
[SourceVersion "1"]
[SourceVersionDate "2014.07.01"]
[SourceQuality "1"]

1. d4 Nf6 2. Nf3 g6 3. c3 Bg7 4. Bf4 0-0 5. Nbd2 d5 6. h3 c5 7. e3 b6 8. Bd3 Bb7 9. 0-0 Nbd7 10. Qe2 Ne4 11. Bxe4 dxe4 12. Ng5 Nf6 13. h4 h6 14. Nh3 Qc8 15. Rfd1 Rd8 16. Be5 Qf5 17. a4 cxd4 18. cxd4 Rdc8 19. Rdc1 Nd5 20. Bxg7 Kxg7 21. a5 bxa5 22. Qb5 Nb6 23. Qxf5 gxf5 24. Rxc8 Rxc8 25. Rxa5 Rc2 26. Rxa7 Bd5 27. Ra6 Rxb2 28. Nf4 Ba2 29. g3 Nd7 30. Nh5+ Kh7 31. Ra7 Nb8 32. Nf1 Bc4 33. Kg2 Be2 34. Nf4 Bf3+ 35. Kg1 Nc6 36. Ra1 e5 37. dxe5 Nxe5 38. Nh2 1/2-1/2

[Event "Farias Brito Cearense-ch 55th"]
[Site "Farias Brito"]
[Date "2013.12.15"]
[Round "5"]
[White "De Sousa Filho, Aloisio Lopes"]
[Black "Fonseca, Luis Ernesto Serra"]
[Result "0-1"]
[WhiteElo "1955"]
[BlackElo "2028"]
[PlyCount "94"]
[EventDate "2013.12.12"]
[EventType "swiss"]
[EventRounds "6"]
[EventCountry "BRA"]
[SourceTitle "CBM 158 Extra"]
[Source "ChessBase"]
[SourceDate "2014.02.28"]
[SourceVersion "1"]
[SourceVersionDate "2014.02.28"]
[SourceQuality "1"]

1. d4 Nf6 2. Nf3 g6 3. Bf4 Bg7 4. Nbd2 d5 5. e3 Nc6 6. h3 0-0 7. Ne5 Nd7 8. Nxd7 Qxd7 9. Nf3 Re8 10. Be2 e5 11. dxe5 Qe7 12. c3 Qc5 13. 0-0 Nxe5 14. Nxe5 Bxe5 15. Bxe5 Rxe5 16. Qd4 Qe7 17. Rad1 c6 18. Rfe1 Bf5 19. Bd3 Bxd3 20. Qxd3 Re4 21. Qc2 Re8 22. Rd4 Re5 23. Red1 Re4 24. Rxe4 Qxe4 25. Qxe4 Rxe4 26. Rd4 f5 27. Kf1 Kf7 28. Ke2 Ke6 29. f3 Rxd4 30. exd4 f4 31. Kd3 Kf5 32. Ke2 Kg5 33. Kf2 Kh4 34. Kf1 Kg3 35. Kg1 b6 36. Kf1 c5 37. Kg1 cxd4 38. cxd4 g5 39. Kf1 h5 40. Kg1 g4 41. hxg4 hxg4 42. fxg4 Kxg4 43. Kf2 Kg5 44. Ke2 Kg6 45. Kf2 Kf6 46. Ke2 Kg5 47. Kf2 Kg4 0-1

[Event "Farias Brito Cearense-ch 55th"]
[Site "Farias Brito"]
[Date "2013.12.15"]
[Round "6"]
[White "Mateus, Janete de Alcantara"]
[Black "De Sousa Filho, Aloisio Lopes"]
[Result "1-0"]
[WhiteElo "1872"]
[BlackElo "1955"]
[PlyCount "77"]
[EventDate "2013.12.12"]
[EventType "swiss"]
[EventRounds "6"]
[EventCountry "BRA"]
[SourceTitle "CBM 158 Extra"]
[Source "ChessBase"]
[SourceDate "2014.02.28"]
[SourceVersion "1"]
[SourceVersionDate "2014.02.28"]
[SourceQuality "1"]

1. d4 d5 2. g3 Nf6 3. Bg2 c6 4. Nf3 Bf5 5. Bf4 e6 6. Nbd2 Nbd7 7. 0-0 Nh5 8. Be3 Bd6 9. c4 Nhf6 10. Rc1 h6 11. c5 Bc7 12. Nb1 Qe7 13. Nc3 e5 14. b4 e4 15. Ne1 Qe6 16. Qd2 0-0 17. f3 Rfe8 18. f4 Ng4 19. Nc2 Rab8 20. b5 Ba5 21. a4 b6 22. Rb1 bxc5 23. dxc5 Nxe3 24. Qxe3 Nxc5 25. Nd4 Qf6 26. Kh1 Bxc3 27. Qxc3 Nxa4 28. Qb4 cxb5 29. Nxb5 Rxb5 30. Qxb5 Rd8 31. Qxa4 a6 32. Rbd1 Bg4 33. Rfe1 Qe6 34. Qd4 f6 35. Rb1 Rd7 36. Rb6 Rd6 37. Reb1 Bxe2 38. Rxd6 Qxd6 39. Rb7 1-0

[Event "Farias Brito Cearense-ch 55th"]
[Site "Farias Brito"]
[Date "2013.12.14"]
[Round "4"]
[White "Ribeiro, Matheus Cavalcante"]
[Black "De Sousa Filho, Aloisio Lopes"]
[Result "1-0"]
[WhiteElo "2149"]
[BlackElo "1955"]
[PlyCount "67"]
[EventDate "2013.12.12"]
[EventType "swiss"]
[EventRounds "6"]
[EventCountry "BRA"]
[SourceTitle "CBM 158 Extra"]
[Source "ChessBase"]
[SourceDate "2014.02.28"]
[SourceVersion "1"]
[SourceVersionDate "2014.02.28"]
[SourceQuality "1"]

1. e4 d5 2. exd5 Qxd5 3. Nc3 Qa5 4. d4 c6 5. Nf3 Bg4 6. h3 Bxf3 7. Qxf3 Nf6 8. Bd2 Qb6 9. 0-0-0 e6 10. Bg5 Be7 11. Bd3 Nbd7 12. g4 h6 13. Bf4 Nd5 14. Nxd5 cxd5 15. Rhe1 Bd6 16. Kb1 Bxf4 17. Qxf4 Rc8 18. g5 Qc7 19. Qg4 h5 20. Qf3 Qd6 21. Re2 g6 22. Rde1 Rc6 23. c4 dxc4 24. Bxg6 fxg6 25. d5 e5 26. dxc6 bxc6 27. Qc3 Qd3+ 28. Rc2 0-0 29. Qxc4+ Qxc4 30. Rxc4 c5 31. Rd1 Rf7 32. Rd6 Kg7 33. Re4 Re7 34. f4 1-0

[Event "Farias Brito Cearense-ch 55th"]
[Site "Farias Brito"]
[Date "2013.12.12"]
[Round "1"]
[White "De Sousa Filho, Aloisio Lopes"]
[Black "Nogueira, Jorge da Silva"]
[Result "1-0"]
[WhiteElo "1955"]
[BlackElo "1608"]
[PlyCount "59"]
[EventDate "2013.12.12"]
[EventType "swiss"]
[EventRounds "6"]
[EventCountry "BRA"]
[SourceTitle "CBM 158 Extra"]
[Source "ChessBase"]
[SourceDate "2014.02.28"]
[SourceVersion "1"]
[SourceVersionDate "2014.02.28"]
[SourceQuality "1"]

1. d4 d5 2. c4 c6 3. Nf3 Nd7 4. Nc3 Ngf6 5. Bf4 Ne4 6. e3 e6 7. Bd3 Ndf6 8. h3 Qa5 9. Qb3 dxc4 10. Qxc4 Nxc3 11. bxc3 Nd5 12. Rc1 Nxc3 13. 0-0 Nd5 14. Bg3 Qb4 15. Qc2 Qa5 16. Qb3 Qb4 17. Qd1 Qa3 18. Bc4 Nb6 19. Bb3 a5 20. Qe2 a4 21. Bd1 Nd5 22. Rc2 Nb4 23. Rb2 b6 24. Ne5 Ba6 25. Qf3 Ra7 26. Rxb4 Qxb4 27. Qxc6+ Kd8 28. Bxa4 b5 29. Qb6+ Rc7 30. Nc6+ 1-0